000 00817nam a2200253 i 4500
001 54847
003 ES-MaACL
005 20240611121310.0
007 t|
008 040119s2003 sp ||||1| spa d
020 _a84-233-3562-3
080 _a946.0(460)"1937/1980"
245 0 3 _aLa crónica de Destino /
_cedición a cargo de Alexandre Porcel.
260 _aBarcelona :
_bDestino,
_c2003.
300 _a2 v. ;
_c23 cm.
490 1 _aImago mundi ;
_v38
505 8 _aT. I: La crónica de Destino (1937-1956). -- T. II: La crónica de Destino (1957-1980)
651 4 _aEspaña-
_xHistoria-
_yS.XX.
_9138832
700 1 _aPorcel, Alexandre.
_993113
830 0 0 _aImago mundi (Barcelona) ;
_v38
_9236939
852 _aES-MaACL
_jL-26724-5
_bR.133331
942 _2udc
999 _c54847
_d54847